000
00219 a2200097 4500
001
27586
100
_a
Kazimi, S.M.A
245
_a
Sayyar digest(Rusool Number II)
260
_a
_b
Sayyar digest
_c
090
_c
18373
_d
18373
942
_a
NUST-CAE
_c
M
_c
9306
999
_c
262659
_d
262659